Japan, a case of catching-up

Đã lưu trong:
书目详细资料
主要作者: Éva Ehrlich
格式: 图书
语言:Undetermined
出版: Budapest Akadémiai Kiadó 1984
主题:
标签: 添加标签
没有标签, 成为第一个标记此记录!
Thư viện lưu trữ: Trung tâm Học liệu Trường Đại học Cần Thơ
LEADER 00525nam a2200169Ia 4500
001 CTU_84677
008 210402s9999 xx 000 0 und d
082 |a 338.0952 
082 |b E33 
100 |a Éva Ehrlich 
245 0 |a Japan, a case of catching-up 
245 0 |c Éva Ehrlich; translated by György Hajdú; translation revised by George F. Ray, Anna Cowen 
260 |a Budapest 
260 |b Akadémiai Kiadó 
260 |c 1984 
650 |a industries 
980 |a Trung tâm Học liệu Trường Đại học Cần Thơ